| 000 | 00727nam a22001577a 4500 | ||
|---|---|---|---|
| 003 | OSt | ||
| 005 | 20151130085402.0 | ||
| 008 | 151130b xxu||||| |||| 00| 0 eng d | ||
| 040 | _cRUA | ||
| 082 | _aFIS HEM 1997 B165 Or.1 | ||
| 100 |
_93986 _aHEM, RADY. |
||
| 245 | _aCompilation on waterbirds in kompong khleang danrun and chong khneas communes siem reap province, ការចងក្រងឯកសារស្ដីអំពីសត្វបក្សីទឹក ក្នុងតំបន់ឃុំកំពង់ឃ្លាំង ដានរុន និង ឃុំចុងឃ្នាស ខេត្តសៀមរាប | ||
| 260 |
_aPhnom Penh _bRUA _c1997 |
||
| 300 |
_a55p. _bill. _c29cm. |
||
| 942 |
_2ddc _cFIS |
||
| 999 |
_c3706 _d3706 |
||